El materialismo histórico / (Registro nro. 4366)
[ vista simple ]
| 000 -LEADER | |
|---|---|
| fixed length control field | 01197nam a2200253Ia 4500 |
| 003 - CONTROL NUMBER IDENTIFIER | |
| control field | OSt |
| 005 - DATE AND TIME OF LATEST TRANSACTION | |
| control field | 20200625184510.0 |
| 008 - FIXED-LENGTH DATA ELEMENTS--GENERAL INFORMATION | |
| fixed length control field | 191128s1960 mx fr 000 0 spa d |
| 040 ## - CATALOGING SOURCE | |
| Original cataloging agency | CO-JMCR |
| Transcribing agency | CO-JMCR |
| 041 1# - LANGUAGE CODE | |
| Language code of text/sound track or separate title | spa |
| Language code of original | ru |
| 082 04 - DEWEY DECIMAL CLASSIFICATION NUMBER | |
| Classification number | 335.411 / |
| Item number | A168m |
| Edition number | 23 |
| 110 2# - MAIN ENTRY--CORPORATE NAME | |
| Corporate name or jurisdiction name as entry element | Academia de Ciencias de la U.R.S.S. |
| Subordinate unit | Instituto de Filosofía |
| 9 (RLIN) | 6229 |
| 245 13 - TITLE STATEMENT | |
| Title | El materialismo histórico / |
| Statement of responsibility, etc. | Academia de Ciencias de U.R.S.S. ; redacción de F. V. Konstantinov ; traducción directa del ruso por Wenceslao Roces y Adolfo Sánchez Vázquez |
| 260 ## - PUBLICATION, DISTRIBUTION, ETC. | |
| Place of publication, distribution, etc. | México : |
| Name of publisher, distributor, etc. | Editorial Grijalbo, |
| Date of publication, distribution, etc. | 1960 |
| 300 ## - PHYSICAL DESCRIPTION | |
| Extent | 446 páginas ; |
| Dimensions | 22 cm. |
| 504 ## - BIBLIOGRAPHY, ETC. NOTE | |
| Bibliography, etc. note | Incluye notas a pie de página. |
| 505 0# - FORMATTED CONTENTS NOTE | |
| Formatted contents note | Las ciencias del materialismo histórico -- Las condiciones de vida material en la sociedad -- El desarrollo de las fuerzas productivas y de las relaciones de producción -- Base y supraestructura de la sociedad -- Las clases y la lucha de clases |
| 650 14 - SUBJECT ADDED ENTRY--TOPICAL TERM | |
| Topical term or geographic name entry element | Comunismo |
| 9 (RLIN) | 2981 |
| 650 14 - SUBJECT ADDED ENTRY--TOPICAL TERM | |
| Topical term or geographic name entry element | Materialismo dialéctico |
| 9 (RLIN) | 1915 |
| 700 1# - ADDED ENTRY--PERSONAL NAME | |
| Personal name | Konstantinov, F. V., |
| Relator term | editor |
| 9 (RLIN) | 6230 |
| 700 1# - ADDED ENTRY--PERSONAL NAME | |
| Personal name | Roces, Wenceslao, |
| Relator term | traductor |
| 9 (RLIN) | 6231 |
| 700 1# - ADDED ENTRY--PERSONAL NAME | |
| Personal name | Sánchez Vásquez, Adolfo, |
| Relator term | traductor |
| 9 (RLIN) | 2445 |
| 942 ## - ADDED ENTRY ELEMENTS (KOHA) | |
| Source of classification or shelving scheme | Dewey Decimal Classification |
| Koha item type | Books |
| Withdrawn status | Lost status | Source of classification or shelving scheme | Damaged status | Not for loan | Collection code | Home library | Current library | Date acquired | Source of acquisition | Cost, normal purchase price | Total Checkouts | Full call number | Barcode | Date last seen | Copy number | Koha item type | Public note |
|---|---|---|---|---|---|---|---|---|---|---|---|---|---|---|---|---|---|
| Dewey Decimal Classification | Non-fiction | Biblioteca Pública José María del Castillo y Rada | Biblioteca Pública José María del Castillo y Rada | 10/15/2018 | Donación | 0.00 | 335.411 / A168m | 201809216 | 05/16/2024 | Ej.1 | Books | Exlibris : Nota con esfero en la primera página |